| 000 | 01009nam a22003257a 4500 | ||
|---|---|---|---|
| 001 | BR2014007331 | ||
| 003 | BR-BrBNA | ||
| 005 | 20230928104534.0 | ||
| 007 | ta | ||
| 008 | 230509b bl.||||| |||| 00| 0 por d | ||
| 040 |
_aBR-BrBNA _bpor _cBiblioteca Nacional de Agricultura |
||
| 041 | _a(Por) | ||
| 072 | _aF50 | ||
| 090 | _ F50 BR2014007331 | ||
| 100 | 1 | _aPaula, E. de P. | |
| 110 | 1 |
_aUniversidade Federal de Lavras, MG (Brasil) _0Tese (Mestrado) |
|
| 245 | 1 | _aConexões florísticas e funcionamento de comunidades arbóreas associadas à inselberg no domínio atlântico | |
| 260 | 3 |
_aLavras, MG (Brasil): _c2014. |
|
| 300 | _a136 p. | ||
| 500 | _aSummaries (Eng, Por); Includes several bibliographies; 11 illus.; 5 tables | ||
| 650 | _aFLORA | ||
| 650 | _aBIOGEOGRAFIA | ||
| 650 | _aANALISE DO SOLO | ||
| 650 | _aFISICA DO SOLO | ||
| 650 | _aPROFUNDIDADE | ||
| 650 | _aCOMPOSICAO BOTANICA | ||
| 650 | _aESTRUTURA VEGETAL | ||
| 909 |
_a202309 _bLucia _c55 _dLucia Elande |
||
| 942 | _cBK | ||
| 999 |
_c80475 _d80475 |
||